Taylor Swift - Paroles Beautiful Ghost - Statistiques

Statistiques générales
  • Ce quiz a été pris 26 fois
    23 depuis la dernière actualisation
  • Le résultat moyen est 227 sur 293
Statistiques - réponses
Hint Réponse % Correct
A
100%
a
100%
I
100%
the
100%
Refrain All
88%
and
88%
And
88%
be
88%
beautiful
88%
feel
88%
for
88%
ghosts
88%
have
88%
here
88%
if
88%
in
88%
know
88%
love
88%
me
88%
my
88%
night,
88%
night
88%
no
88%
on
88%
one
88%
So,
88%
so
88%
So
88%
that
88%
their
88%
to
88%
Too
88%
was
88%
what
88%
What
88%
When
88%
where
88%
With
88%
with
88%
you
88%
Alone
75%
At
75%
at
75%
beauty
75%
But
75%
call
75%
chances
75%
dare
75%
Couplet 1 Follow
75%
from
75%
get
75%
had
75%
haunted
75%
home,
75%
home
75%
I'll
75%
into
75%
Is
75%
it
75%
it's
75%
just
75%
knew
75%
known
75%
lead
75%
life
75%
memory
75%
never
75%
of
75%
Out
75%
Should
75%
something
75%
Something
75%
start
75%
streets
75%
take
75%
these
75%
this
75%
This
75%
thought
75%
took
75%
Wait
75%
wander
75%
wanted
75%
watch
75%
were
75%
would
75%
wouldn't
75%
young
75%
again
63%
ago
63%
alive
63%
Are
63%
before
63%
Born
63%
broken
63%
calling
63%
cling
63%
dance
63%
dark
63%
dawning
63%
dazzling
63%
dream
63%
flicker
63%
free
63%
friends
63%
hope
63%
Isn't
63%
isn't
63%
least
63%
let
63%
light,
63%
long
63%
lost
63%
maybe
63%
memories
63%
mystical
63%
nothing
63%
ones
63%
phantoms
63%
rooms
63%
them
63%
they've
63%
Visions
63%
voices
63%
wild
63%
within
63%
world
63%
fear
50%
London
50%
safe
50%
Scared
50%
Couplet 2 Perilous
38%
taming
38%
Aucun quiz correspondant
Distribution des résultats
% des personnes avec chaque résultat
Percentile par nombre de réponses
Votre historique - résultats
Vous n’avez pas pris ce quiz depuis la dernière actualisation